Improving Functional Outcomes in Physical Rehabilitation
Guardat en:
| Autor principal: | |
|---|---|
| Format: | Desconegut |
| Idioma: | anglès |
| Publicat: |
F.A. Davis
2021
|
| Etiquetes: |
Afegir etiqueta
Sense etiquetes, Sigues el primer a etiquetar aquest registre!
|
MARC
| LEADER | 00000 a2200000 4500 | ||
|---|---|---|---|
| 003 | CL-VaPUC | ||
| 005 | 20230517122051.0 | ||
| 008 | 230517b ||||| |||| 00| 0 eng d | ||
| 999 | |c 436351 |d 436349 | ||
| 020 | |a 9781719640909 | ||
| 040 | |c Pontificia Universidad Católica de Valparaíso | ||
| 100 | |a Susan B. O'Sullivan; Edward W. Bezkor; Thomas J. Schmitz |9 871538 | ||
| 245 | |a Improving Functional Outcomes in Physical Rehabilitation | ||
| 260 | |b F.A. Davis |c 2021 | ||
| 583 | |k GC |c 20230517 | ||
| 942 | |2 ddc |c BK |n 1 | ||